Health and medical careers / (Record no. 339793)
[ view plain ]
| 000 -LEADER | |
|---|---|
| fixed length control field | 00760nam a2200289Ia 4500 |
| 008 - FIXED-LENGTH DATA ELEMENTS--GENERAL INFORMATION | |
| fixed length control field | 170711s9999 xx 000 0 und d |
| 020 ## - INTERNATIONAL STANDARD BOOK NUMBER | |
| International Standard Book Number | 71267379 |
| 050 ## - LIBRARY OF CONGRESS CALL NUMBER | |
| Classification number | 610.69 |
| 050 ## - LIBRARY OF CONGRESS CALL NUMBER | |
| Item number | D999 2005 |
| 100 ## - MAIN ENTRY--PERSONAL NAME | |
| Personal name | D'Orazio, Leo Paul |
| 245 ## - TITLE STATEMENT | |
| Title | Health and medical careers / |
| 245 ## - TITLE STATEMENT | |
| Statement of responsibility, etc | by Leo Paul D'Orazio. |
| 260 ## - PUBLICATION, DISTRIBUTION, ETC. (IMPRINT) | |
| Place of publication, distribution, etc | Philippines : |
| 260 ## - PUBLICATION, DISTRIBUTION, ETC. (IMPRINT) | |
| Name of publisher, distributor, etc | McGraw Hill, |
| 260 ## - PUBLICATION, DISTRIBUTION, ETC. (IMPRINT) | |
| Date of publication, distribution, etc | 2005 |
| 300 ## - PHYSICAL DESCRIPTION | |
| Extent | xiii, 153 pages : |
| 300 ## - PHYSICAL DESCRIPTION | |
| Other physical details | illustrations ; |
| 300 ## - PHYSICAL DESCRIPTION | |
| Dimensions | 19cm. |
| 500 ## - GENERAL NOTE | |
| General note | Includes appendix and glossary. |
| 650 ## - SUBJECT ADDED ENTRY--TOPICAL TERM | |
| Topical term or geographic name as entry element | Allied health personnel -- |
| 650 ## - SUBJECT ADDED ENTRY--TOPICAL TERM | |
| Topical term or geographic name as entry element | Health occupations. |
| 650 ## - SUBJECT ADDED ENTRY--TOPICAL TERM | |
| Topical term or geographic name as entry element | Medicine -- |
| 650 ## - SUBJECT ADDED ENTRY--TOPICAL TERM | |
| General subdivision | Vocational guidance. |
| 650 ## - SUBJECT ADDED ENTRY--TOPICAL TERM | |
| General subdivision | Vocational guidance. |
| 700 ## - ADDED ENTRY--PERSONAL NAME | |
| Personal name | Snook, I. Donald, Jr. |
| 700 ## - ADDED ENTRY--PERSONAL NAME | |
| Personal name | Title. |
No items available.